Japanese Footballers in the English Premier League - Statistics

General Stats
  • This quiz has been taken 220 times
  • The average score is 4 of 7
Answer Stats
Year Teams played for Answer % Correct
2012-14 Manchester United Shinji Kagawa
95%
2015 - Leicester City Shinji Okazaki
85%
2012 - Southampton Maya Yoshida
72%
2005-06 Bolton Hidetoshi Nakata
44%
2011-14 Bolton, Wigan, Arsenal Ryo Miyaichi
41%
2002-06 Fulham, West Bromwich Albion Junichi Inamoto
37%
2002-03 Tottenham Hotspur Kazuyuki Toda
14%
No matching quizzes found
Score Distribution
Percent of People with Each Score
Percentile by Number Answered
Your Score History
You have not taken this quiz